Secreto en la montaña El amor es una fuerza de la naturaleza (Registro nro. 55046)

Detalles MARC
000 -ENCABEZADO
Número de control [NR] 03132nam a2200337Ia 4500
005 - FECHA Y HORA DE LA ÚLTIMA TRANSACCIÓN
control field 20140410171935.0
008 - DE LONGITUD FIJA DE DATOS DE ELEMENTOS - INFORMACIÓN GENERAL
Elementos de longitud fija [NR] 130821s2005 xx a gs spa
040 ## - FUENTE DE CATALOGACION [NR]
Agencia de catalogación original [NR] Co-BoUCM
Idioma de catalogación [NR] spa
041 00 - CODIGO DE IDIOMA [R]
Código de idioma para texto/pista de sonido o título separado [R] Español
092 ## - SIGNATURA TOPOGRAFICA LOCAL
Número de clasificación local DVD 0250
245 10 - MENCION DE TITULO [NR]
Título [NR] Secreto en la montaña El amor es una fuerza de la naturaleza
Mención de responsabilidad, etc. [NR] [DVD]
260 ## - PUBLICACION, DISTRIBUCION, ETC. (PIE DE IMPRENTA) [R]
Lugar de publicación, distribución, etc. [R] [Lugar desconocido]
Nombre del editor, distribuidor, etc. [R] Focus Features, River Road Entertainment
Fecha de publicación, distribución, etc. [R] 2005
300 ## - DESCRIPCION FISICA [R]
Extensión [R] 1 DVD
Otros detalles físicos [NR] son., color
490 ## - MENCION DE SERIE [R]
Mención de serie [R] Spotlights Series
500 ## - NOTA GENERAL [R]
Nota general [NR] SINOPSIS : Acaba de amanecer en Signal (Wyoming); Ennis Del Mar (Heath Ledger) y Jack Twist (Jake Gyllenhaal) se conocen mientras hacen cola para pedir trabajo a Joe Aguirre (Randy Quaid), el ranchero del pueblo. El mundo de Ennis y de Jack está cambiando con rapidez, sin embargo, parece no evolucionar. Ambos jóvenes tienen muy claro el futuro que desean: conseguir un trabajo fijo, casarse y tener hijos. Sin embargo, algo en su interior les hace buscar algo más. Joe Aguirre les manda de pastores a la majestuosa Brokeback Mountain y, poco a poco, lo que empieza como amistad se convierte en algo más profundo. A finales de verano, no queda más remedio que bajar de la montaña y separarse. Ennis se queda en Wyoming y se casa con Alma (Michelle Williams), su novia de siempre, con la que tendrá dos hijas mientras se gana la vida a duras penas. Jack ha vuelto a Tejas y enamora a Lureen Newsome (Anne Hathaway), la reina del rodeo. Se casan, tienen un hijo y Jack trabaja en los negocios del padre de su mujer. Transcurren cuatro años. Un buen día, Ennis recibe una postal de Jack que viene a Wyoming. Ennis le espera impaciente y, cuando por fin llega, les basta un segundo para darse cuenta de que el cariño que sienten el uno por el otro ha aumentado con el tiempo. En los años siguientes, Ennis y Jack luchan por su unión secreta. Se ven varias veces al año, pero cuando no están juntos, se enfrentan a la eterna cuestión de la fidelidad, de la entrega y de la confianza. La única constante en su vida es una fuerza de la naturaleza, el amor.
508 ## - NOTA DE CREDITOS DE CREACION/PRODUCCION [R]
Nota de créditos de creación/producción [NR] CREDITOS : Dirección, Ang Lee; Producción, Diana Ossana y James Schamus; Música, Gustavo Santaolalla; Fotografía, Rodrigo Prieto; Montaje, Geraldine Peroni y Dylan Tichenor; Diseño de producción, Judy Becker; Vestuario, Marit Allen.
511 ## - NOTA DE PARTICIPANTE O INTERPRETE [R]
Nota de participante o intérprete [NR] Heath Ledger (Ennis Del Mar), Jake Gyllenhaal (Jack Twist), Linda Cardellini (Cassie), Anna Faris (Lashawn Malone), Anne Hathaway (Lureen Newsome), Michelle Williams (Alma), Randy Quaid (Joe Aguirre), Kate Mara (Alma Jr.).
546 ## - NOTA DE IDIOMA [R]
Nota de idioma [NR] Audio en Inglés. Subtítulos en Español.
650 04 - ASIENTO SECUNDARIO DE MATERIA - TERMINO TEMATICO [R]
Término temático o nombre geográfico como elemento de entrada [NR] Amistad en el cine
Subdivisión de forma [R] DVD
9 (RLIN) 8906
650 04 - ASIENTO SECUNDARIO DE MATERIA - TERMINO TEMATICO [R]
Término temático o nombre geográfico como elemento de entrada [NR] Amor en el cine
9 (RLIN) 8920
650 04 - ASIENTO SECUNDARIO DE MATERIA - TERMINO TEMATICO [R]
Término temático o nombre geográfico como elemento de entrada [NR] Entretenimiento
9 (RLIN) 26487
650 04 - ASIENTO SECUNDARIO DE MATERIA - TERMINO TEMATICO [R]
Término temático o nombre geográfico como elemento de entrada [NR] Homosexualidad en el cine
Subdivisión de forma [R] DVD
9 (RLIN) 17013
650 04 - ASIENTO SECUNDARIO DE MATERIA - TERMINO TEMATICO [R]
Término temático o nombre geográfico como elemento de entrada [NR] Películas cinematográficas
Subdivisión de forma [R] DVD
9 (RLIN) 7903
650 04 - ASIENTO SECUNDARIO DE MATERIA - TERMINO TEMATICO [R]
Término temático o nombre geográfico como elemento de entrada [NR] Sociología
9 (RLIN) 386
700 ## - ASIENTO SECUNDARIO - NOMBRE PERSONAL [R]
Nombre personal [NR] Lee, Ang
Término de relación [R]
710 ## - ASIENTO SECUNDARIO - NOMBRE CORPORATIVO [R]
Nombre corporativo o de jurisdicción como elemento de entrada [NR] Focus Features
710 ## - ASIENTO SECUNDARIO - NOMBRE CORPORATIVO [R]
Nombre corporativo o de jurisdicción como elemento de entrada [NR] River Road Entertainment
765 ## - ASIENTO DE IDIOMA ORIGINAL [R]
Asiento principal [NR] Brokeback mountain
856 04 - LOCALIZACION Y ACCESO ELECTRONICOS [R]
Identificador Uniforme del Recurso (“URI”) [R] <a href="https://www.youtube.com/watch?v=zwTmI-EGEgc">https://www.youtube.com/watch?v=zwTmI-EGEgc</a>
Nota dirigida al público [R] Siga este vínculo para ver el trailer.
942 ## - ELEMENTOS DE ENTRADA AGREGADOS (KOHA)
Tipo de ítem principal el descrito en 300a Multimedia
Sistema de clasificación LOCAL
Tema principal Sociología
Edición 1
Existencias
Fecha de último préstamo Código de barras Última vez visto Volúmen / Fascículo Ejemplar Price effective from Tipo de ítem Perdido Sistema de clasificación Dañado No prestable Tipo de ítem específico Suprimido Ubicación habitual Ubicación actual Localización Fecha de creación Forma de adquisición Costo Total préstamos Total Renewals
23/04/2015 100089911 10/12/2024 DVD 0250 Ej.2 03/02/2013 Multimedia   DEWEY     DVD   Claustro Claustro Colección digital 19/02/2013 Donación 26000.00 89 4
07/05/2012 100089903 04/12/2025 DVD 0250 Ej.1 03/02/2013 Multimedia   LOCAL   Préstamo restringido DVD   Procesos Técnicos Procesos Técnicos (no para préstamo) Procesos Técnicos 19/02/2013 Compra 29900.00